000 00369nam a2200157Ia 4500
100 _aAnnett/James F
650 _aConductivity
942 _cBK
366 _f20
654 _asuper conductivity
245 _aSuper conductivity superfluids and condensates
260 _bOxford
_aNew Delhi
_c2005
082 _a537.623/ANN
_bANN
300 _a186
546 _aENGLISH
999 _c30216
_d30216